000 00327nam a2200145Ia 4500
008 230718s9999 xx 000 0 und d
041 _aEng.
082 _a34603
_bLAL-L
100 _aLal, Ratan Dhiraj
245 0 _aLaw of tests
260 _aPakistan
_bIrfan Law Book
_c2004
300 _a447
650 _aLaw
999 _c28130
_d28130